[Event "Baltic Sea Cup 2008"]
[Site "Ronne"]
[Date "2008.08.06"]
[Round "10"]
[White "Poulsen, Iver"]
[Black "Christensen, Klaus"]
[Result "0-1"]
[WhiteElo "2147"]
[BlackElo "2034"]
[PlyCount "60"]
[EventDate "2008.07.29"]


1. e4 c5 2. Nf3 Nc6 3. d4 cxd4 4. Nxd4 Qb6 5. Nb3 Nf6 6. Nc3 e6 7. Bd3 a6 8.
O-O d6 9. Be3 Qc7 10. f4 Be7 11. Qf3 Nd7 12. Rae1 Nb4 13. Bd4 Nc5 14. Nxc5 dxc5
15. Bxg7 Rg8 16. Be5 Qc6 17. Qh5 c4 18. Qxh7 Rg6 19. Qh8+ Bf8 20. Nd5 cxd3 21.
f5 d2 22. Re3 Nxd5 23. exd5 Rxg2+ 24. Kxg2 Qxd5+ 25. Kh3 d1=Q 26. Rxd1 Qxd1 27.
Bg7 Qf1+ 28. Kh4 Qf4+ 29. Kh5 Qxf5+ 30. Kh6 Qg6# 0-1

[Event "Baltic Sea Cup 2008"]
[Site "Ronne"]
[Date "2008.08.06"]
[Round "10"]
[White "Schmidt, Horst Hubert"]
[Black "Valle, Lorenzo"]
[Result "1-0"]
[WhiteElo "1925"]
[BlackElo "1573"]
[PlyCount "59"]
[EventDate "2008.07.29"]


1. e4 d6 2. d4 Nf6 3. f3 g6 4. Be3 c6 5. Qd2 Qb6 6. Nc3 Qxb2 7. Rb1 Qa3 8. Nge2
Qa5 9. g4 Bg7 10. h4 h5 11. g5 Nfd7 12. f4 c5 13. Ng3 Nc6 14. Rb5 Qc7 15. Nd5
Qd8 16. dxc5 Nxc5 17. f5 Be5 18. Bxc5 dxc5 19. Rb3 Qd6 20. Rg1 a6 21. Rd3 Qb8
22. Nb6 O-O 23. Nxh5 gxh5 24. g6 fxg6 25. Rxg6+ Kf7 26. Qg5 Bxf5 27. Qxf5+ Bf6
28. Rxf6+ exf6 29. Rd7+ Ne7 30. Qh7+ 1-0

[Event "Baltic Sea Cup 2008"]
[Site "Ronne"]
[Date "2008.08.06"]
[Round "10"]
[White "Svanholm, Borge Waaktaar"]
[Black "Andersen, Harry"]
[Result "1-0"]
[WhiteElo "2003"]
[BlackElo "1904"]
[PlyCount "103"]
[EventDate "2008.07.29"]


1. c4 Nf6 2. Nc3 g6 3. e4 d6 4. d4 Bg7 5. Nf3 O-O 6. g3 c5 7. Bg2 cxd4 8. Nxd4
Nbd7 9. O-O Ne5 10. b3 Bg4 11. f3 Bd7 12. Be3 Nc6 13. Rc1 Ne8 14. f4 Rc8 15. h3
f5 16. exf5 Nxd4 17. Bxd4 b6 18. fxg6 hxg6 19. Bxg7 Nxg7 20. g4 Qc7 21. Qd3
Qc5+ 22. Kh2 g5 23. Ne4 Qa3 24. Nxg5 Nf5 25. gxf5 Bxf5 26. Be4 Qxa2+ 27. Rc2
Qa5 28. b4 Bxe4 29. Qxe4 Qf5 30. Qxf5 Rxf5 31. Kg3 d5 32. Kg4 Rf6 33. c5 e5 34.
Rcf2 e4 35. Rc2 e3 36. Kf3 d4 37. Ke2 a5 38. bxa5 bxc5 39. Ne4 Rg6 40. Rxc5
Rxc5 41. Nxc5 Rg2+ 42. Kf3 Rc2 43. Nd3 Ra2 44. Ke4 Ra4 45. a6 Kf7 46. a7 Kf6
47. a8=Q Rxa8 48. Kxd4 Re8 49. Rf3 e2 50. Re3 Rh8 51. Kc3 Rh4 52. Kd2 1-0

[Event "Baltic Sea Cup 2008"]
[Site "Ronne"]
[Date "2008.08.06"]
[Round "10"]
[White "Teschke, Olaf"]
[Black "Hansen, Lars Bo"]
[Result "0-1"]
[WhiteElo "2298"]
[BlackElo "2569"]
[PlyCount "80"]
[EventDate "2008.07.29"]


1. d4 d5 2. c4 e6 3. Nc3 Nf6 4. Bg5 Nbd7 5. e3 c6 6. Nf3 Qa5 7. Nd2 dxc4 8.
Bxf6 Nxf6 9. Nxc4 Qc7 10. Rc1 Be7 11. Bd3 O-O 12. O-O Rd8 13. e4 Rxd4 14. e5
Qd8 15. exf6 Bxf6 16. Ne4 Rxd3 17. Nxf6+ gxf6 18. Qg4+ Kh8 19. Rfd1 e5 20. Qh5
Be6 21. Ne3 Rxd1+ 22. Rxd1 Qg8 23. Qh4 Qg5 24. Qb4 b6 25. Qe7 Rg8 26. Rd8 Rxd8
27. Qxd8+ Kg7 28. Qc7 Qg6 29. Qxc6 Qb1+ 30. Nf1 Qxb2 31. g4 Qe2 32. Ne3 Qxa2
33. Qb7 Qb1+ 34. Kg2 a5 35. Qf3 Qg6 36. Kf1 a4 37. h4 Qd3+ 38. Kg2 a3 39. g5
Bd5 40. gxf6+ Kh8 0-1

[Event "Baltic Sea Cup 2008"]
[Site "Ronne"]
[Date "2008.08.06"]
[Round "10"]
[White "Urkedal, Frode Olav Olsen"]
[Black "Evdokimov, Alexander A"]
[Result "1-0"]
[WhiteElo "2299"]
[BlackElo "2555"]
[PlyCount "143"]
[EventDate "2008.07.29"]


1. d4 Nf6 2. Bg5 Ne4 3. Bf4 c5 4. f3 Qa5+ 5. c3 Nf6 6. Nd2 cxd4 7. Nb3 Qb6 8.
Qxd4 Nc6 9. Qxb6 axb6 10. Nd4 e5 11. Nxc6 exf4 12. Nd4 Bc5 13. Nh3 Nd5 14. e4
fxe3 15. Bc4 Nf6 16. Nf4 Bxd4 17. cxd4 O-O 18. Ke2 Re8 19. g4 g5 20. Ng2 Ra4
21. Kd3 Ra5 22. Nxe3 d6 23. h4 h6 24. hxg5 hxg5 25. Rh6 Kg7 26. Rah1 Bd7 27. a3
Ra4 28. Nd5 Nxd5 29. Rh7+ Kf6 30. R1h6+ Ke7 31. Bxd5 Rf8 32. Rg7 Bb5+ 33. Ke3
Bc6 34. Bb3 Ra5 35. Re6+ Kd7 36. Rf6 Re8+ 37. Kd2 Bd5 38. Bxd5 Rxd5 39. Rfxf7+
Kc6 40. Kd3 Re1 41. a4 Rd1+ 42. Ke3 R5xd4 43. Rc7+ Kd5 44. Rxg5+ Ke6 45. Rc3
Rxa4 46. Rb3 Rc4 47. Rxb6 Rcd4 48. Rb3 R4d2 49. Rgb5 Rg2 50. Rxb7 Rdd2 51. Kf4
Kf6 52. R7b6 Rd4+ 53. Ke3 Rdd2 54. R3b5 Kg6 55. b3 Kf6 56. Rf5+ Ke6 57. b4
Rge2+ 58. Kf4 Rd4+ 59. Kg5 Rd3 60. Rf6+ Kd7 61. b5 Re5+ 62. Kg6 Kc7 63. Rc6+
Kd7 64. Rf7+ Ke6 65. Rcc7 Kd5 66. b6 Re6+ 67. Kg7 Rb3 68. b7 Re1 69. g5 Rg1 70.
g6 Ke6 71. f4 d5 72. Rc6# 1-0

[Event "Baltic Sea Cup 2008"]
[Site "Ronne"]
[Date "2008.08.06"]
[Round "10"]
[White "Vitiugov, Nikita"]
[Black "Gyimesi, Zoltan"]
[Result "1-0"]
[WhiteElo "2616"]
[BlackElo "2586"]
[PlyCount "79"]
[EventDate "2008.07.29"]


1. c4 Nf6 2. Nc3 e5 3. Nf3 Nc6 4. g3 Bb4 5. Nd5 Nxd5 6. cxd5 Nd4 7. Nxd4 exd4
8. Bg2 O-O 9. O-O d6 10. b3 Bc5 11. e3 Qg5 12. Bb2 Re8 13. Qc2 Bg4 14. Qc4 dxe3
15. fxe3 Qg6 16. Rf4 Bf5 17. Qc3 f6 18. Raf1 Bd7 19. Qc4 b5 20. Qc1 Qd3 21. Bd4
Rac8 22. Bxc5 dxc5 23. R1f2 Re5 24. Qxc5 Qb1+ 25. Rf1 Qxa2 26. Qc3 Qa6 27. Ra1
Qb6 28. Qa5 c5 29. Qxa7 Qd8 30. Ra6 c4 31. bxc4 bxc4 32. Ra3 Bf5 33. Qd4 Qd6
34. Ra7 Bd3 35. h4 h5 36. Kh2 Rb8 37. Qa1 Rb1 38. Qa5 c3 39. Qxc3 Rxd5 40. Qc7
1-0